Les plus grands pays en 1600 - Statistiques

Statistiques générales
  • Ce quiz a été pris 272 fois
  • Le résultat moyen est 10 sur 15
Statistiques - réponses
Population Grand pays en 1600 % Correct
20 000 000 Domaine royal français
98%
160 000 000 Empire ming
96%
29 997 000 Union ibérique
92%
14 000 000 Tsarat de Russie
87%
88 000 000 Empire moghol
82%
17 000 000 Shogunat Tokugawa
78%
26 000 000 Empire ottoman
77%
5 600 000 Couronne d'Angleterre
76%
5 550 000 Monarchie des Habsbourg / Autriche-Hongrie
61%
7 950 000 Union Polonaise - Lituanienne
55%
3 200 000 Perse
51%
20 300 000 Saint Empire Romain
43%
9 879 000 Joseon
30%
2 250 000 Royaume du maroc
21%
4 447 000 Đai Viět
14%
Aucun quiz correspondant
Distribution des résultats
% des personnes avec chaque résultat
Percentile par nombre de réponses
Votre historique - résultats
Vous n’avez pas pris ce quiz